| 000 | 00506cam a22002171 4500 | ||
|---|---|---|---|
| 001 | sa 68007073 | ||
| 003 | DLC | ||
| 005 | 20260227112520.0 | ||
| 008 | 940808s1965 ii 000 1 benr | ||
| 010 | _asa 68007073 | ||
| 025 | _aPL480:EP-B-1577 | ||
| 035 | _a(OCoLC)30902622 | ||
| 040 |
_aDLC _cCU _dCU _dDLC |
||
| 042 | _apremarc | ||
| 050 | 0 | 0 |
_aPK1730.29.O6 _bS9 |
| 100 | 2 | _aMoqbul Ahmed, A. K. | |
| 245 | 1 | 0 | _aSvīkr̥ti. |
| 260 | _c[1965] | ||
| 300 |
_a99 p. _c18 cm. |
||
| 500 | _aIn Bengali. | ||
| 999 |
_c81599 _d81599 |
||